Ultimate Batman - Statistics

General Stats
  • This quiz has been taken 571 times
  • The average score is 17 of 38
Answer Stats
Hint Answer % Correct
How old is Bruce when they are killed? 8
96%
The Caped _______ Crusader
93%
What character was voted by the fans to die? Jason Todd
82%
'Knightfall' story arc introduced what new villain who broke Batman's back? Bane
80%
Who murdered Thomas and Martha Wayne? Joe Chill
78%
During the Batman reboot 'The New 52' Dick Grayson returned to his role as what superhero? Nightwing
77%
After Jason Todd's resurrection he becomes what villain? Red Hood
75%
This villain and his daughter know the secret identity of Batman. Ra's Al Ghul
68%
Barbara Gordon's persona while confined to a wheelchair. Oracle
63%
In what story did the Joker cripple Barbara Gordon in an effort to drive Commissioner Gordon insane? Batman: The Killing Joke
60%
Batman, Superman, and what other hero/ine reform the Justice Leage in 'Batman and Son'? Wonder Woman
57%
This villainous sidekick first appeared in Batman: The Animated Series, NOT in a Batman comic. Harley Quinn
56%
Bruce Wayne's business manager and technology specialist. Lucius Fox
56%
In Battle for the Cowl Dick Grayson became Batman and who became Robin? Damian Wayne
55%
What was the story called? Batman: A Death In The Family
54%
The Joker and _________ were the first villains to appear in Batman. Catwoman
53%
Who is the longest running actor to play Batman? (Hint: Includes live action, cartoon, video games, etc...) Kevin Conroy
51%
Tim Drake takes up what mantle when Dick Grayson wins the 'Battle for the Cowl'? Red Robin
51%
The first Holiday killer is married to what supervillain? Two Face
50%
The Bat-hound. Ace
49%
Batman first appeared in Detective Comics #____ 27
47%
Who dons the batsuit during his absence? Azrael
43%
Stephanie Brown took up several roles including Robin, The Spoiler, and _______. Batgirl
41%
The effects of what natural disaster in Gotham is the focus of story arc 'No Man's Land'? Earthquake
40%
What year did Robin make his first appearance? 1940
36%
Batman was created by Bob Kane and _______. Bill Finger
30%
In Superman #76 Superman and Batman team up and discover each other's secret identities. What year was it published? 1952
28%
In "War Crimes" what villain became the ruler of the Gotham gangs? Black Mask
27%
On Earth Two Batman has a daughter with Catwoman named ______. Helena
26%
Though usually portrayed as a villain, this character has also aided heroes on occasion due to his differing personalities when he is resurrected. Solomon Grundy
22%
Who was the first female Robin? Carrie Kelly
20%
Batman leaves the Justice League in 1983 and forms what group of which he is the leader? Outsiders
20%
What is the name of Bruce Wayne's fiancee in early comics? Julie Madison
13%
Who was the final victim KILLED by Hangman? Alberto Falcone
9%
What was the title of the first movie in which the Batman character appeared? (Hint: This movie was NOT authorized by DC.) Batman, Dracula
4%
Who is the first Batman sidekick permitted to use firearms? Bluebird
4%
What was the title of the first Batman story? The Case of the Chemical Syndicate
4%
What villain is featured in 'Batman R.I.P.'? Black Glove
3%
No matching quizzes found
Score Distribution
Percent of People with Each Score
Percentile by Number Answered
Your Score History
You have not taken this quiz